[Event "Heusenstamm Sparkassen op-B 7th"]
[Site "Heusenstamm"]
[Date "2021.11.19"]
[Round "3.1"]
[White "Stosberg, Marc"]
[Black "Merges, Harald"]
[Result "1/2-1/2"]
[WhiteElo "1692"]
[BlackElo "1781"]
[PlyCount "26"]
[EventDate "2021.11.18"]
[EventType "swiss"]
[EventRounds "7"]
[EventCountry "GER"]
[SourceTitle "EXT 2023"]
[Source "ChessBase"]
[SourceDate "2022.10.05"]
[SourceVersion "1"]
[SourceVersionDate "2022.10.05"]
[SourceQuality "1"]

1. e4 e6 2. d4 d5 3. exd5 exd5 4. Bd3 Bd6 5. Nf3 Ne7 6. Bg5 f6 7. Bh4 Bf5 8. c4 Bxd3 9. Qxd3 c6 10. Nc3 0-0 11. 0-0 dxc4 12. Qxc4+ Kh8 13. Rad1 Nd7 1/2-1/2

[Event "Altenkirchen Seniors op 18th"]
[Site "Altenkirchen"]
[Date "2021.07.10"]
[Round "9"]
[White "Merges, Harald"]
[Black "Kalepky, Helmut"]
[Result "0-1"]
[WhiteElo "1790"]
[BlackElo "1962"]
[PlyCount "42"]
[EventDate "2021.07.02"]
[EventType "swiss"]
[EventRounds "9"]
[EventCountry "GER"]
[SourceTitle "CBM 203 Extra"]
[Source "ChessBase"]
[SourceDate "2021.09.30"]
[SourceVersion "1"]
[SourceVersionDate "2021.09.30"]
[SourceQuality "1"]

1. e4 g6 2. d4 Bg7 3. Nf3 c5 4. c3 cxd4 5. cxd4 d6 6. Na3 Nc6 7. Be3 Nf6 8. Bd3 0-0 9. Rc1 Ng4 10. Bb1 Nxe3 11. fxe3 Bg4 12. 0-0 Rc8 13. Qd3 Bxf3 14. gxf3 Qd7 15. Qe2 d5 16. Nb5 dxe4 17. Bxe4 a6 18. Nc3 e6 19. Bb1 Ne7 20. Ne4 Nf5 21. Ng3 Nxe3 0-1

[Event "Wiesbaden op 31st"]
[Site "Wiesbaden"]
[Date "2019.08.25"]
[Round "7"]
[White "Merges, Harald"]
[Black "Boscher, Hans"]
[Result "1-0"]
[WhiteElo "1797"]
[BlackElo "1492"]
[PlyCount "69"]
[EventDate "2019.08.22"]
[EventType "swiss"]
[EventRounds "7"]
[EventCountry "GER"]
[SourceTitle "EXT 2020"]
[Source "ChessBase"]
[SourceDate "2019.10.17"]
[SourceVersion "1"]
[SourceVersionDate "2019.10.17"]
[SourceQuality "1"]

1. e4 e6 2. d4 d5 3. e5 c5 4. c3 Nc6 5. Nf3 cxd4 6. cxd4 Nge7 7. Nc3 Nf5 8. Be2 Be7 9. 0-0 0-0 10. a3 Nh4 11. Ne1 f5 12. g3 Ng6 13. h4 Bxh4 14. gxh4 Qxh4 15. Nf3 Qg4+ 16. Kh1 Nf4 17. Bxf4 Qxf4 18. Qd3 Qh6+ 19. Nh2 g5 20. Rad1 Ne7 21. Rg1 Kh8 22. Rg2 Ng6 23. Qg3 g4 24. f3 Nf4 25. Rf2 Nxe2 26. Nxe2 gxf3 27. Qxf3 Rg8 28. Rg2 Bd7 29. Rdg1 Bb5 30. Nf4 Rxg2 31. Rxg2 Rc8 32. Qg3 Rc1+ 33. Rg1 Rxg1+ 34. Kxg1 Bd7 35. Nf3 1-0

[Event "Wiesbaden op 31st"]
[Site "Wiesbaden"]
[Date "2019.08.23"]
[Round "3"]
[White "Merges, Harald"]
[Black "Tepe, Josef"]
[Result "1-0"]
[WhiteElo "1797"]
[BlackElo "2044"]
[PlyCount "43"]
[EventDate "2019.08.22"]
[EventType "swiss"]
[EventRounds "7"]
[EventCountry "GER"]
[SourceTitle "EXT 2020"]
[Source "ChessBase"]
[SourceDate "2019.10.17"]
[SourceVersion "1"]
[SourceVersionDate "2019.10.17"]
[SourceQuality "1"]

1. e4 c5 2. c3 Nf6 3. e5 Nd5 4. d4 cxd4 5. Nf3 e6 6. cxd4 b6 7. Bd2 Be7 8. Nc3 Nxc3 9. Bxc3 0-0 10. Bd3 Ba6 11. 0-0 d5 12. a4 Bxd3 13. Qxd3 Nc6 14. Qb5 Rc8 15. Rac1 Rc7 16. h3 Qc8 17. Bd2 Qb7 18. a5 Rb8 19. a6 Qc8 20. Rc3 Bb4 21. Rxc6 Bxd2 22. Rxc7 1-0

[Event "SVR-ch MAT"]
[Site "Lahnstein"]
[Date "2019.04.13"]
[Round "1"]
[White "Zirwes, Hans Juergen"]
[Black "Merges, Harald"]
[Result "0-1"]
[WhiteElo "1820"]
[BlackElo "1778"]
[PlyCount "150"]
[EventDate "2019.04.13"]
[EventType "tourn"]
[EventRounds "7"]
[EventCountry "GER"]
[SourceTitle "EXT 2021"]
[Source "ChessBase"]
[SourceDate "2020.10.23"]
[SourceVersion "1"]
[SourceVersionDate "2020.10.23"]
[SourceQuality "1"]

1. d4 Nf6 2. Bf4 e6 3. e3 d5 4. Nf3 Bd6 5. Bg3 0-0 6. Bd3 Nc6 7. c3 Ne7 8. Ne5 b6 9. Nd2 Bb7 10. Qe2 c5 11. 0-0 Ng6 12. Rad1 Qe7 13. f4 Ne4 14. Nxg6 hxg6 15. Rf3 f5 16. Rdf1 Kf7 17. Be1 Rh8 18. h4 Rh6 19. Rh3 Rah8 20. Bxe4 dxe4 21. g3 cxd4 22. exd4 Qc7 23. Rh2 Qc6 24. Nc4 Bb8 25. Ne3 Bd6 26. c4 a5 27. b3 Qd7 28. Bc3 Rd8 29. Rd1 Be7 30. Be1 Qc7 31. Nc2 Rhh8 32. Qe3 Rd7 33. Rhd2 Rhd8 34. Bf2 Bc6 35. Qe2 Qb7 36. Be3 Ra8 37. h5 Rh8 38. hxg6+ Kxg6 39. g4 Rdd8 40. d5 Bd7 41. Qg2 Kf7 42. g5 g6 43. d6 Bf8 44. Bd4 Rh4 45. Bf2 Rxf4 46. Qh2 Rg4+ 47. Bg3 Bg7 48. Ne3 Rh8 49. Nxg4 Rxh2 50. Nxh2 e5 51. Rd5 f4 52. Be1 Ke6 53. Bc3 Kf5 54. a3 Qc8 55. Be1 Qh8 56. c5 bxc5 57. Rxc5 Qh3 58. Rc3 e3 59. Bd2 Qg3+ 60. Kh1 Qf2 61. Bxe3 Qe2 62. Rf1 Ke6 63. Bb6 e4 64. Rcc1 Be5 65. Rfe1 Qd3 66. Bxa5 e3 67. Nf3 Qe4 68. Rf1 Bxd6 69. Kh2 Bb5 70. Nd2 exd2 71. Rce1 dxe1Q 72. Rxe1 f3+ 73. Kh3 Be2 74. Bb6 Qf4 75. Bf2 Qh2+ 0-1

[Event "Heusenstamm Sparkassen op-A 5th"]
[Site "Heusenstamm"]
[Date "2018.11.25"]
[Round "7"]
[White "Merges, Harald"]
[Black "Kemper, Yannik"]
[Result "1/2-1/2"]
[WhiteElo "1790"]
[BlackElo "1890"]
[PlyCount "64"]
[EventDate "2018.11.22"]
[EventType "swiss"]
[EventRounds "7"]
[EventCountry "GER"]
[SourceTitle "CBM 188 Extra"]
[Source "ChessBase"]
[SourceDate "2019.02.26"]
[SourceVersion "1"]
[SourceVersionDate "2019.02.26"]
[SourceQuality "1"]

1. e4 c5 2. Nc3 a6 3. d4 cxd4 4. Qxd4 Nc6 5. Qd2 d6 6. b3 Nf6 7. Nge2 e5 8. Bb2 Be7 9. Ng3 0-0 10. Be2 Be6 11. Rd1 Nd4 12. 0-0 Rc8 13. Bd3 b5 14. a4 bxa4 15. Nxa4 Nb5 16. Qe2 Qc7 17. c4 Na7 18. Nc3 Rb8 19. Nd5 Bxd5 20. cxd5 Rxb3 21. Bc4 Rb6 22. Bxa6 Rfb8 23. Rc1 Qd8 24. Bc3 Rb3 25. Bc4 R3b7 26. Ba6 Rb3 27. Bc4 Ra3 28. Bb2 Ra5 29. Ra1 Rxa1 30. Rxa1 Qb6 31. Bd3 g6 32. Bc3 Nb5 1/2-1/2

[Event "Heusenstamm Sparkassen op-A 5th"]
[Site "Heusenstamm"]
[Date "2018.11.22"]
[Round "1"]
[White "Bordin, Igor"]
[Black "Merges, Harald"]
[Result "1-0"]
[WhiteElo "2051"]
[BlackElo "1790"]
[PlyCount "59"]
[EventDate "2018.11.22"]
[EventType "swiss"]
[EventRounds "7"]
[EventCountry "GER"]
[SourceTitle "CBM 188 Extra"]
[Source "ChessBase"]
[SourceDate "2019.02.26"]
[SourceVersion "1"]
[SourceVersionDate "2019.02.26"]
[SourceQuality "1"]

1. e4 e6 2. d4 d5 3. Nc3 dxe4 4. Nxe4 Be7 5. Nf3 Nf6 6. Bd3 Nbd7 7. 0-0 Nxe4 8. Bxe4 Nf6 9. Bd3 0-0 10. Bf4 b6 11. Re1 Bb7 12. c3 c5 13. dxc5 Bxc5 14. Qe2 h6 15. Rad1 Qe8 16. Ne5 Rd8 17. Bb5 Qe7 18. Nc6 Bxc6 19. Bxc6 Rxd1 20. Rxd1 Rd8 21. Rxd8+ Qxd8 22. Qd2 Qxd2 23. Bxd2 a5 24. h3 Kf8 25. Kf1 Ke7 26. Ke2 Kd6 27. Bb7 Nd5 28. a3 e5 29. b4 axb4 30. axb4 1-0

[Event "SVR-ch MAT"]
[Site "Hennweiler"]
[Date "2018.03.31"]
[Round "7"]
[White "Felten, Maximilian"]
[Black "Merges, Harald"]
[Result "1/2-1/2"]
[WhiteElo "1811"]
[BlackElo "1780"]
[PlyCount "40"]
[EventDate "2018.03.24"]
[EventType "tourn"]
[EventRounds "7"]
[EventCountry "GER"]
[SourceTitle "EXT 2020"]
[Source "ChessBase"]
[SourceDate "2019.10.17"]
[SourceVersion "1"]
[SourceVersionDate "2019.10.17"]
[SourceQuality "1"]

1. d4 Nf6 2. Nf3 e6 3. e3 b6 4. Bd3 Bb7 5. Nbd2 d5 6. b3 Bd6 7. Bb2 Nbd7 8. 0-0 0-0 9. Ne5 c5 10. f4 Ne4 11. Rf3 f6 12. Nxd7 Qxd7 13. Qe2 Rae8 14. Raf1 cxd4 15. exd4 f5 16. Rh3 Qf7 17. Qe3 Nxd2 18. Qxd2 Qc7 19. Rhf3 Rf6 20. g3 Rb8 1/2-1/2

[Event "SVR-ch MAT"]
[Site "Hennweiler"]
[Date "2018.03.24"]
[Round "2"]
[White "Merges, Harald"]
[Black "Mallmann, Bernd"]
[Result "1/2-1/2"]
[WhiteElo "1780"]
[BlackElo "1838"]
[PlyCount "51"]
[EventDate "2018.03.24"]
[EventType "tourn"]
[EventRounds "7"]
[EventCountry "GER"]
[SourceTitle "EXT 2020"]
[Source "ChessBase"]
[SourceDate "2019.10.17"]
[SourceVersion "1"]
[SourceVersionDate "2019.10.17"]
[SourceQuality "1"]

1. e4 c5 2. c3 d5 3. exd5 Qxd5 4. d4 Nc6 5. Nf3 cxd4 6. cxd4 e5 7. Nc3 Bb4 8. Bd2 Bxc3 9. Bxc3 e4 10. Ne5 Nxe5 11. dxe5 Ne7 12. Qa4+ Bd7 13. Qb4 a5 14. Qa3 b5 15. Rd1 b4 16. Rxd5 bxa3 17. Rd2 axb2 18. Rxb2 Nd5 19. Bd4 Rc8 20. Kd2 Ke7 21. Ba6 Rc7 22. Rc1 Rxc1 23. Kxc1 Nb4 24. Bc5+ Ke6 25. Bxb4 axb4 26. Rxb4 1/2-1/2

[Event "Rheinland Pfalz op 9th"]
[Site "Lambsheim"]
[Date "2017.06.15"]
[Round "1"]
[White "Merges, Harald"]
[Black "Commercon, Simon"]
[Result "0-1"]
[WhiteElo "1785"]
[BlackElo "2253"]
[PlyCount "108"]
[EventDate "2017.06.15"]
[EventType "swiss"]
[EventRounds "7"]
[EventCountry "GER"]
[SourceTitle "CBM 178 Extra"]
[Source "ChessBase"]
[SourceDate "2017.06.22"]
[SourceVersion "1"]
[SourceVersionDate "2017.06.22"]
[SourceQuality "1"]

1. e4 d5 2. exd5 Qxd5 3. d4 e5 4. Nf3 Nc6 5. Nc3 Bb4 6. Bd2 Bxc3 7. Bxc3 e4 8. Ne5 Nxe5 9. dxe5 Ne7 10. b3 Be6 11. Be2 0-0-0 12. Qxd5 Nxd5 13. Bd2 Ne7 14. 0-0-0 Ng6 15. Bc3 Nf4 16. Rxd8+ Rxd8 17. Bd1 Nxg2 18. Rg1 Bh3 19. e6 fxe6 20. Bxg7 e3 21. fxe3 Nxe3 22. Re1 Nxd1 23. Rxd1 Rg8 24. Bc3 b6 25. Rd3 Bf5 26. Rg3 Bg6 27. Be5 Rf8 28. Rg2 Kb7 29. Kd2 Kc6 30. Ke3 Rf5 31. Bg7 Rh5 32. Kf4 e5+ 33. Ke3 Rh3+ 34. Kd2 e4 35. Bd4 Kd5 36. Be3 Ke6 37. Bg1 c5 38. a4 Rf3 39. a5 Kd5 40. axb6 axb6 41. Rg5+ Kc6 42. Rg3 Rf1 43. Be3 Kb5 44. Kc3 Rf5 45. Rg5 Rf3 46. Rg3 Rf8 47. Rg5 Bf5 48. Rg7 Bg6 49. Rd7 Rf3 50. Kd2 Rh3 51. Bf4 e3+ 52. Bxe3 Rxh2+ 53. Kc1 Bxc2 54. b4 Kxb4 0-1

[Event "SVR-ch MAT"]
[Site "Heimbach Weis"]
[Date "2017.04.13"]
[Round "6"]
[White "Roos, Elias"]
[Black "Merges, Harald"]
[Result "0-1"]
[WhiteElo "1691"]
[BlackElo "1744"]
[PlyCount "118"]
[EventDate "2017.04.07"]
[EventType "tourn"]
[EventRounds "9"]
[EventCountry "GER"]
[SourceTitle "EXT 2020"]
[Source "ChessBase"]
[SourceDate "2019.10.17"]
[SourceVersion "1"]
[SourceVersionDate "2019.10.17"]
[SourceQuality "1"]

1. d4 Nf6 2. c4 e6 3. Nc3 Bb4 4. Qc2 c5 5. e3 b6 6. Nf3 Bb7 7. Bd3 d5 8. cxd5 Bxc3+ 9. bxc3 Bxd5 10. Ne5 0-0 11. f4 Nbd7 12. c4 Bb7 13. Ba3 Nxe5 14. fxe5 Ng4 15. Qe2 Qh4+ 16. g3 Qg5 17. e4 cxd4 18. Bxf8 Rxf8 19. 0-0 Qe3+ 20. Qxe3 Nxe3 21. Rfe1 Rc8 22. Rac1 Rc5 23. Kf2 Rxe5 24. Ke2 Rc5 25. Kd2 e5 26. Re2 Kf8 27. Ke1 Ke7 28. Rb2 Kd6 29. Rb4 Ra5 30. c5+ Rxc5 31. Rxc5 Kxc5 32. Rb5+ Kd6 33. Rb3 Bc6 34. Ra3 a5 35. Rb3 Kc5 36. Ke2 Bd7 37. Rb1 b5 38. Rc1+ Nc4 39. Kd1 Be6 40. Kc2 a4 41. Kb1 Kb4 42. Ka1 g6 43. Bf1 Kc5 44. Be2 h5 45. Rf1 f5 46. Bd3 Nd6 47. Rc1+ Kb6 48. Re1 Nc4 49. Kb1 Kc5 50. Re2 Ne3 51. Kb2 fxe4 52. Bxe4 Bf5 53. Bxf5 gxf5 54. Kc1 e4 55. Kd2 Nc4+ 56. Kc1 d3 57. Rf2 Nd6 58. Kd2 Kd4 59. Rf4 b4 0-1

[Event "SVR-ch MAT"]
[Site "Heimbach Weis"]
[Date "2017.04.09"]
[Round "4"]
[White "Buhr, Patrick"]
[Black "Merges, Harald"]
[Result "1/2-1/2"]
[WhiteElo "1737"]
[BlackElo "1744"]
[PlyCount "120"]
[EventDate "2017.04.07"]
[EventType "tourn"]
[EventRounds "9"]
[EventCountry "GER"]
[SourceTitle "EXT 2020"]
[Source "ChessBase"]
[SourceDate "2019.10.17"]
[SourceVersion "1"]
[SourceVersionDate "2019.10.17"]
[SourceQuality "1"]

1. c4 Nf6 2. g3 e5 3. Bg2 d6 4. Nc3 c6 5. e3 Be6 6. b3 Be7 7. Nge2 Qd7 8. 0-0 Bh3 9. Bb2 Na6 10. d4 Bxg2 11. Kxg2 Nc7 12. Qc2 Ne6 13. Rad1 Ng5 14. f4 Qh3+ 15. Kh1 Ne6 16. Ng1 Qh5 17. dxe5 dxe5 18. Nf3 exf4 19. exf4 0-0 20. Ne5 Rfd8 21. Rxd8+ Rxd8 22. Rd1 Rxd1+ 23. Nxd1 Qh3 24. Qg2 Qxg2+ 25. Kxg2 Nc5 26. Ne3 g6 27. Kf3 Nfd7 28. Nxd7 Nxd7 29. f5 Bf6 30. Bxf6 Nxf6 31. g4 g5 32. h4 h6 33. hxg5 hxg5 34. b4 b6 35. Ke2 Kf8 36. Kd3 Ke7 37. Kd4 Nd7 38. b5 Kd6 39. bxc6 Kxc6 40. Nd5 Kd6 41. Nc3 f6 42. Nb5+ Kc6 43. Nxa7+ Kb7 44. Nb5 Ne5 45. Nd6+ Kc6 46. Ne4 Nxg4 47. a4 Nh6 48. Nxf6 Nxf5+ 49. Kc3 Ne3 50. Ne4 g4 51. Ng3 Nd1+ 52. Kc2 Kc5 53. Kxd1 Kxc4 54. Kc2 Kb4 55. Kb2 Kxa4 56. Ka2 Kb4 57. Kb2 Kc4 58. Kc2 Kd4 59. Kb3 Ke3 60. Kb4 Kf3 1/2-1/2

[Event "SVR-ch MAT"]
[Site "Heimbach Weis"]
[Date "2017.04.08"]
[Round "2"]
[White "Ley, Sabrina"]
[Black "Merges, Harald"]
[Result "1/2-1/2"]
[WhiteElo "1880"]
[BlackElo "1744"]
[PlyCount "70"]
[EventDate "2017.04.07"]
[EventType "tourn"]
[EventRounds "9"]
[EventCountry "GER"]
[SourceTitle "EXT 2020"]
[Source "ChessBase"]
[SourceDate "2019.10.17"]
[SourceVersion "1"]
[SourceVersionDate "2019.10.17"]
[SourceQuality "1"]

1. e4 e6 2. d4 d5 3. exd5 exd5 4. Nc3 Bb4 5. Bd3 Nc6 6. a3 Bxc3+ 7. bxc3 Nge7 8. Qh5 Be6 9. Nf3 Qd7 10. Ng5 0-0-0 11. 0-0 g6 12. Qe2 Rdf8 13. Nxe6 Qxe6 14. Qxe6+ fxe6 15. Re1 Kd7 16. Rb1 Nd8 17. Bg5 Nec6 18. Bb5 Kd6 19. Bh4 Re8 20. Bg3+ Kd7 21. Re2 a6 22. Bd3 Na5 23. Bh4 b5 24. a4 c6 25. Rbe1 Ndb7 26. Bg5 Nc4 27. h4 Nb2 28. axb5 axb5 29. Rb1 Nxd3 30. cxd3 Nd6 31. Ra1 Ra8 32. Rea2 Rxa2 33. Rxa2 Rb8 34. Bf4 Rb7 35. Ra8 Nc8 1/2-1/2

[Event "Rheinland Pfalz op 8th"]
[Site "Reil an der Mosel"]
[Date "2016.05.27"]
[Round "4"]
[White "Merges, Harald"]
[Black "Noras, Peter"]
[Result "0-1"]
[WhiteElo "1691"]
[BlackElo "1956"]
[PlyCount "122"]
[EventDate "2016.05.26"]
[EventType "swiss"]
[EventRounds "7"]
[EventCountry "GER"]
[SourceTitle "EXT 2018"]
[Source "ChessBase"]
[SourceDate "2017.10.13"]
[SourceVersion "1"]
[SourceVersionDate "2017.10.13"]
[SourceQuality "1"]

1. e4 e6 2. d4 d5 3. e5 Ne7 4. Nf3 Nf5 5. c3 c5 6. dxc5 Bxc5 7. b4 Be7 8. Bd3 Nc6 9. Qe2 a6 10. 0-0 0-0 11. Bb2 b5 12. Nbd2 Qc7 13. Nb3 Rd8 14. a4 bxa4 15. Rxa4 Bb7 16. Rfa1 Nb8 17. b5 Qb6 18. Nbd4 Nxd4 19. Nxd4 Nd7 20. Ba3 Bxa3 21. R4xa3 axb5 22. Rxa8 Rxa8 23. Rxa8+ Bxa8 24. Bxb5 Nc5 25. Qa2 Qb8 26. f3 g6 27. Qe2 Bb7 28. h3 Qc8 29. c4 Qa8 30. Kh2 dxc4 31. Bxc4 Ba6 32. Bxa6 Nxa6 33. Nb5 Qd5 34. Nd6 Nc5 35. Ne8 Nd7 36. f4 Kf8 37. Nd6 f6 38. Qa6 Ke7 39. Qc8 fxe5 40. Nb7 exf4 41. Qd8+ Kf7 42. Qc7 f3 43. Nd6+ Ke7 44. Nc8+ Kf6 45. Qf4+ Kg7 46. gxf3 Qe5 47. Qxe5+ Nxe5 48. Kg3 h5 49. Nd6 g5 50. Ne4 h4+ 51. Kg2 Kg6 52. Nc5 Kf5 53. Ne4 Nd3 54. Nd6+ Kf4 55. Nb5 Ne1+ 56. Kf2 Nxf3 57. Nc7 Nd4 58. Ne8 e5 59. Ng7 e4 60. Nh5+ Kf5 61. Ke3 Ne6 0-1

[Event "SVR-ch MAT"]
[Site "Trier"]
[Date "2016.03.25"]
[Round "6"]
[White "Merges, Harald"]
[Black "Warkentin, Peter"]
[Result "0-1"]
[WhiteElo "1622"]
[BlackElo "1884"]
[PlyCount "42"]
[EventDate "2016.03.19"]
[EventType "tourn"]
[EventRounds "7"]
[EventCountry "GER"]
[SourceTitle "CBM 171 Extra"]
[Source "ChessBase"]
[SourceDate "2016.04.26"]
[SourceVersion "1"]
[SourceVersionDate "2016.04.26"]
[SourceQuality "1"]

1. e4 d5 2. exd5 Nf6 3. d4 Bg4 4. Nf3 Qxd5 5. Nc3 Qh5 6. Be2 Nc6 7. Be3 0-0-0 8. Qc1 e6 9. a4 Bb4 10. 0-0 e5 11. dxe5 Nxe5 12. Nxe5 Bxe2 13. Nxe2 Qxe5 14. c3 Bd6 15. g3 Qh5 16. f3 Rhe8 17. Nf4 Bxf4 18. Bxf4 Re2 19. Rf2 Rxf2 20. g4 Qc5 21. Be3 Rd1+ 0-1

[Event "SVR-ch MAT"]
[Site "Trier"]
[Date "2016.03.24"]
[Round "5"]
[White "Ley, Sabrina"]
[Black "Merges, Harald"]
[Result "1/2-1/2"]
[WhiteElo "1788"]
[BlackElo "1622"]
[PlyCount "42"]
[EventDate "2016.03.19"]
[EventType "tourn"]
[EventRounds "7"]
[EventCountry "GER"]
[SourceTitle "CBM 171 Extra"]
[Source "ChessBase"]
[SourceDate "2016.04.26"]
[SourceVersion "1"]
[SourceVersionDate "2016.04.26"]
[SourceQuality "1"]

1. e4 e6 2. d4 d5 3. exd5 exd5 4. Nc3 Bb4 5. Bd3 Ne7 6. Nf3 Nbc6 7. 0-0 Bg4 8. Be3 Qd7 9. h3 Bh5 10. a3 Bd6 11. Re1 Bg6 12. Ne2 0-0 13. Bf4 Rfe8 14. Bxd6 Qxd6 15. Ng3 Bxd3 16. Qxd3 Ng6 17. Qd2 Kf8 18. c3 Na5 19. Rab1 Nc4 20. Qc2 Rxe1+ 21. Rxe1 Re8 1/2-1/2